000 00319nam a2200145Ia 4500
008 191201s2008 xx 000 0 und d
082 _a621.392
_bBHV
100 _aBHASKER, J
245 0 _aVHDL Primer
250 _a3rd
260 _aNew Delhi
_bPHI
_c2008
300 _a375
650 _aB.Tech(ECE)
942 _2ddc
_cBK
999 _c3812
_d3812